000 00281nam a22001337a 4500
008 171103b xxu||||| |||| 00| 0 eng d
020 _a9780070385481
041 _aeng
080 _a339.138
100 _a60
101 _aMAR
245 _aMARKETING
_cGREWAL/L
942 _2udc
_cBK
999 _c37471
_d37471